000 00708nam a22001815i 4500
001 161493
003 ES-MaACL
005 20230906212310.0
008 990203s1861 fr |||| | fre d
040 _aCCPB | B
_bspa
_cCCPB | B
100 1 _aPassaglia, Carlo (
_d1812-1887)
_9130881
245 1 0 _aPour la cause italienne aux évéques catholiques apologie /
_cpar un prètre catholique (P. Passaglia).
260 _aParis :
_bLibrairie Molini :
_bLibrairie Dentu,
_c1861.
300 _a160 p. ;
_c21 cm.
597 _aAntep.
651 4 _aItalia-
_xCatólicos.
_9137236
852 _aES-MaACL
_jG-15562
_z-- Rust.
_z-- Legado M. de La Fuente
_x-- Edic.: Añadir al t260: (Imprimerie de L. Tinterlin et Ce)
999 _c161493
_d161493